000 00286nam a2200097Ia 4500
001 644437
005 20250826153605.0
008 250824s9999 xx 000 0 und d
245 0 _aBilimsel Serüvenler Üç Boğaz Barajı nın İnşası
_cL. Patricia Kite
260 _bTÜBİTAK YAYINLARI
999 _c644437
_d644437